• 首页
  • 本馆介绍
  • 公告通知
  • 最新文献
  • 馆藏检索
  • 电子资源
  • 读者导购
  • 参考咨询
  • 我的图书馆
  • 登录
  • 详细信息显示
  • 放入我的书架
  • 预约/预借图书
  • 作者相关作品
  • 分类相关作品
  • 丛书相关作品
  • 出版社相关作品

书目信息

  • 表格格式
  • 工作单格式
  • 卡片格式
题名:
社会主义前途与马克思主义的命运
    
 
作者: 吴江 著
分册:  
出版信息: 北京   中国社会科学出版社  2001.5
页数: 298页
开本: 20cm
丛书名:
单 册:
中图分类: D033.4 , D751.20-53
科图分类:
主题词: 社会主义建设模式--中国--文集 , 社会主义建设模式--苏联--文集 , 马克思主义--研究 , 国家理论
电子资源:
ISBN: 7-5004-3004-3
000 01055nam0 2200313 450
000 01018nam0 2200301 450
000 01162nam0 2200349 450
000 00876nam0 2200253 45
001 1559927470
005 20150127223250.32
010    @a7-5004-3004-3@dCNY20.00
100    @a20051214d2001 ekmy0chiy0120 ea
101 0  @achi
102    @aCN@b110000
105    @aa z 000yy
200 1  @a社会主义前途与马克思主义的命运@AShe Hui Zhu Yi Qian Tu Yu Ma Ke Si Zhu Yi De Ming Yun@f吴江著@FWu Jiang Zhu
210    @a北京@c中国社会科学出版社@d2001.5
215    @a298页@c照片@d20cm
330    @a本书收入了作者自1985年以来特别是苏联解体、东欧剧变后,针对马克思主义与社会主义面临的新的挑战而写作的13篇论文。
606 0  @a社会主义建设模式@y中国@j文集
606 0  @a社会主义建设模式@y苏联@j文集
606 0  @a马克思主义@x研究
606 0  @a国家理论
690    @aD033.4@v4
690    @aD751.20-53@v4
701  0 @a吴江@AWu Jiang@4著
801  0 @aCN@bFYSX@c20051214
905    @aZUCC@dD033.4@eJY50
    
    社会主义前途与马克思主义的命运/吴江著.-北京:中国社会科学出版社,2001.5
    298页:照片;20cm
    
    
    ISBN 7-5004-3004-3:CNY20.00
    本书收入了作者自1985年以来特别是苏联解体、东欧剧变后,针对马克思主义与社会主义面临的新的挑战而写作的13篇论文。
●
相关链接 在E读中查询图书 在五车中查询图书 在当当中查询图书 在豆瓣中查询图书


正题名:社会主义前途与马克思主义的命运     索取号:D033.4/JY50         预约/预借

序号 登录号 条形码 馆藏地/架位号 状态 备注
1 7836304   278363049   学院路分馆/ [索取号:D033.4/JY50] 在馆    
欢迎您!
大连网信软件有限公司© 版权所有